Culture Générale - Série 2457 - Statistiques

Statistiques générales
  • Ce quiz a été pris 151 fois
  • Le résultat moyen est 5 sur 10
Statistiques - réponses
Question Réponse % Correct
Dans quel art peut-on parler d'arpège ? musique
93%
Quelle est la capitale de la Lettonie ? Riga
92%
Quelle est la capitale de l'Estonie ? Tallinn
83%
Quel insecte peut être "charpentière-pharaon-moissonneuse" ? fourmi
57%
Quels sont les prénom et nom de la présentatrice de l'émission télévisée "cash investigation" ? Elise Lucet
53%
Dans quel pays se trouve le mont Kosciuszko situé dans le massif des Snowy Mountains, à l'intérieur du Parc national du Kosciuszko ? Australie
27%
Quelle est la capitale du Kiribati ? Tarawa
24%
Sous quels prénom et nom connaissait-on mieux Marie Gouze, veuve Aubry (1748-1793) ? voir photo Olympe de Gouges
22%
Dans quel pays se situe la montagne Puncak Jaya ou pyramide Carstensz ? Indonésie
21%
Quel adverbe de 8 lettres commençant par " d " signifie "une seconde fois , encore une fois" ? derechef
16%
Aucun quiz correspondant
Distribution des résultats
% des personnes avec chaque résultat
Percentile par nombre de réponses
Votre historique - résultats
Vous n’avez pas pris ce quiz